Rahsia sebuah pulau

Bibliographic Details
Main Author: Ali Awang
Corporate Author: Title
Format: Book
Published: Kuala Lumpur : Pustaka Segar , 2006
Series:Siri novel merpati putih
Subjects:

MARC

LEADER 00000cam a2200000 7i4500
001 0000000610
005 20160330.0
008 070702
020 |a 9833277330(set) 
020 |a 9833277373 
090 0 0 |a ALI   |b MAL 
100 0 |a Ali Awang 
245 1 0 |a Rahsia sebuah pulau   |c Ali Awang 
260 |a Kuala Lumpur :   |b Pustaka Segar ,   |c 2006 
440 |a Siri novel merpati putih 
500 |a Teenager ages 13-18 years old (blue) 
650 0 |a Malay fiction 
710 0 |a Title 
999 |a 0000919617   |b Book   |c Teenagers   |e Cawangan Bukit Gambir 
999 |a 0000919618   |b Book   |c Children Collection   |e Cawangan Bukit Gambir 
999 |a 0000919619   |b Book   |c Children Collection   |e Cawangan Bukit Gambir 
999 |a 0000927456   |b Book   |c Teenagers   |e Cawangan Tangkak 
999 |a 0000927457   |b Book   |c Teenagers   |e Cawangan Tangkak 
999 |a 0000927458   |b Book   |c Teenagers   |e Cawangan Tangkak 
999 |a 0000955711   |b Book   |c Teenagers   |e Perbadanan Perpustakaan Awam Johor 
999 |a 0001151329   |b Book   |c Children Collection   |e Cawangan Taman Universiti 
999 |a 0001151333   |b Book   |c Teenagers   |e Cawangan Pontian